000 00342nam a22001457a 4500
020 _a9789381450147
082 _a664.
_bBAW/FO
245 _aFood Science
260 _aNew Delhi
_bNew India Publishing Agency
_c2013
300 _a384
700 _aBawa A.S.
_91004
700 _aRaju P.S.
_91005
700 _aChauhan O.P.
_91006
942 _cBK
999 _c14584
_d14584